000 00562cam a22002053a 4500
001 43288
003 PGUSA
005 20140828084002.0
008 130724s2013||||xxu|||||s|||||000 | eng d
040 _aPGUSA
_beng
042 _adc
100 1 _aHume, Fergus,
_d1859-1932
245 1 4 _aThe Third Volume
_h[electronic resource] /
_cFergus Hume
260 _bProject Gutenberg,
_c2013
506 _aPublic domain in the USA.
516 _aElectronic text
830 0 _aProject Gutenberg
_v43288
856 4 0 _uhttp://www.gutenberg.org/ebooks/43288
942 _cEB
999 _c272539
_d272539